01197nam a2200217 4500010001300000020002600013035001300039037001800052040001200070082001500082100002900097245012200126260004100248270005800289300002600347505045400373650004400827650002900871650005600900700002300956 aB-058847 a8173913900c1495(Set) aB-058847 bCen Lib / Ret aDPLbEN a305.4bSID aSiddiqi, Fatima Ehtesham aHandbook on women and human rights :ba guide for social activists /cby Fatima Ehtesham Siddiqi ; Sarala Ranganathan aNew DelhibKanishka Publishersc2001 a4697/5-21A, Ansari Road, DaryaganjbNew Delhie110002 a(pt 1. 471)b24cm(Hb) a2 pt. ; pt 1. Empowerment and employment : attaining integrated development. Status of women : global and national perspectives ; Offences against women ; Changing role of women in contemporary period ; Advancement of women ; Rights of women in various religions ; Women empowerment ; Women and human rights ; Human rights of women in India ; International standards and laws in india ; Beijing declaration and plan of action ; pt 2. (not available) aWomen's rights -- Developing countries. aWomen's rights -- India. aWomen -- Developing countries -- Social conditions. aSarala Ranganathan